| 000 | 02340nam a2200349Ia 4500 | ||
|---|---|---|---|
| 008 | 130821s1863 fr gr spa | ||
| 040 |
_aCo-BoUCM _bspa |
||
| 041 | 0 | _afre | |
| 092 | _aE16N015 | ||
| 100 | 1 |
_aVattel, Emer de _d1714-1767 |
|
| 245 | 0 |
_aLe Droit des gens _bou principes de la loi naturelle apliqués à la conduite et aux affaires des nations et des souverains _cpar Vattel |
|
| 246 | 1 | 3 |
_a[Derecho de Gentes _bLos principios de la Ley Natural aplicados a los comportamientos y a los negocios entre las naciones y entre sus gobernantes] |
| 250 | _aNouvelle édition [Nueva edición] | ||
| 260 |
_aParís (Francia) _bGuillaumin et Cie [Guillaumin y Compañía] _c1863 |
||
| 300 | _axxxv, 644 ; 501, 463 páginas | ||
| 500 | _aDetalles físicos: (Colección): Encuadernación rígida de primera calidad en cartón duro forrado en piel. Lomo con adornos y letras en dorado; nervaduras sobre costuras. Tapas con recuadros repujados. Conserva guarda delantera, anteportada y porta | ||
| 504 | _aIncluye índice. | ||
| 505 | 0 | _aV.1: Preliminares: Ideas y principios generales del Derecho de Gentes. ; Libro Primero: la nación, considerada en sí misma. ; Las naciones como Estados soberanos. ; La Constitución del Estado: deberes y derechos de la nación en este aspecto. ; L | |
| 505 | 0 | _aV.2: Libro Segundo: la nación considerada en sus relaciones con las demás naciones (continuación). ; Dignidad e igualdad entre las naciones. ; Derecho a la seguridad y efectos de la soberanía e independencia de las naciones. ; Anotaciones sobre | |
| 505 | 0 | _aV.3: Derecho De las naciones en la guerra. ; Qué está permitido, en la guerra justa, contra el enemigo. ; El derecho de guerra en relación con las cosas que pertenecen al enemigo. ; La "fe mutua" entre enemigos y algunas prácticas (espionaje, es | |
| 506 | _aConsulta en sala. | ||
| 546 | _aTexto en francés. | ||
| 650 |
_aDerecho internacional _xObras anteriores a 1900 _912776 |
||
| 650 |
_aDerecho natural _xObras anteriores a 1900 _912800 |
||
| 650 |
_aDerecho _97494 |
||
| 650 |
_aFilosofía del derecho _xObras anteriores a 1900 _915792 |
||
| 650 |
_aJurisprudencia _xObras anteriores a 1900 _918175 |
||
| 700 | 1 |
_aGuillaumin _eed. |
|
| 700 | 1 |
_aMoulin, A. _eimpr. |
|
| 942 |
_cLIBRO _a8 _e1 _2DEWEY _h323.01 |
||
| 999 |
_c78416 _d78416 |
||